Logo BPK

Bibliografia Prac Pracowników

Politechniki Koszalińskiej

Popioły lotne jako wymiennik części cementu w betonach konstrukcyjnych / (Rekord nr 7465)

Szczegóły MARC
000 -ETYKIETA REKORDU
podpole kontrolne o stałej długości 00723nab a22001937a 4500
003 - IDENTYFIKATOR NUMERU KONTROLNEGO REKORDU
podpole kontrolne BPK
005 - DATA OSTATNIEJ MODYFIKACJI REKORDU
podpole kontrolne 20160304090457.0
008 - POLE O STAŁEJ DŁUGOŚCI - DANE KONTROLNE
podpole kontrolne o stałej długości 160304b1972 pl ||||| |||| 00| ||pol
040 ## - ŹRÓDŁO KATALOGOWANIA
Instytucja, która utworzyła rekord BPK
080 ## - UNIWERSALNA KLASYFIKACJA DZIESIĘTNA - UKD
UKD 691
100 ## - NAZWA OSOBOWA
Nazwa osobowa MARCINKOWSKI, Stefan.
Lata pracy 1969 - 1992.
Instytucja Wyższa Szkoła Inżynierska w Koszalinie - Wydział Budownictwa Lądowego,
Wydział Zespół Technologii Materiałów i Elementów Budowlanych
245 ## - TYTUŁ/ODPOWIEDZIALNOŚĆ
Tytuł Popioły lotne jako wymiennik części cementu w betonach konstrukcyjnych /
Pozostałe elementy strefy tytułu i oznaczenia odpowiedzialności Stefan Marcinkowski.
260 ## - STREFA ADRESU WYDAWNICZEGO
Data publikacji, dystrybucji/powstania dokumentu 1972.
500 ## - UWAGI OGÓLNE
Tekst uwagi Dane z kartoteki bpp.
650 #0 - HASŁO PRZEDMIOTOWE W FORMIE NAZWY OGÓLNEJ LUB JEDNOSTKOWEJ
Nazwa ogólna lub geograficzna Beton.
650 #0 - HASŁO PRZEDMIOTOWE W FORMIE NAZWY OGÓLNEJ LUB JEDNOSTKOWEJ
Nazwa ogólna lub geograficzna Popiół lotny.
773 ## - TYTUŁ DOKUMENTU MACIERZYSTEGO
Wyrażenie wprowadzające W :
Tytuł Informacja Bieżąca OITE Koszlain. -
Informacje dotyczące relacji 1972, nr 1-2
942 ## - HASŁO DODATKOWE - ELEMENTY(KOHA)
Typ dokumentu Artykuł
Schemat klasyfikacji Uniwersalna klasyfikacja dziesiętna

Brak dostępnych egzemplarzy.

© 2014 Biblioteka Politechniki Koszalińskiej :: BIBLIOGRAFIA PRAC PRACOWNIKÓW